书目信息 |
| 题名: |
英美后现代主义小说叙述结构研究
|
|
| 作者: | 胡全生 著 | |
| 分册: | ||
| 出版信息: | 上海 复旦大学出版社 2002 |
|
| 页数: | 272页 | |
| 开本: | 19cm | |
| 丛书名: | ||
| 单 册: | ||
| 中图分类: | I106.4 | |
| 科图分类: | ||
| 主题词: | 后现代主义--小说--文学研究--英国 , 后现代主义--小说--文学研究--美国 | |
| 电子资源: | ||
| ISBN: | 7-309-03378-7 | |
| 000 | 00626nam0 2200193 45 | |
| 001 | 0309221642 | |
| 005 | 20070725163513.93 | |
| 010 | @a7-309-03378-7@dCNY15.00 | |
| 100 | @a20030922d2002 km y0chiy0120 ea | |
| 101 | 0 | @achi |
| 200 | 1 | @a英美后现代主义小说叙述结构研究@AYing Mei Hou Xian Dai Zhu Yi Xiao ShuoXu Shu Jie Gou Yan Jiu@f胡全生著@FHu Quan Sheng Zhu |
| 210 | @a上海@c复旦大学出版社@d2002 | |
| 215 | @a272页@d19cm | |
| 606 | 0 | @a后现代主义@x小说@x文学研究@y英国 |
| 606 | 0 | @a后现代主义@x小说@x文学研究@y美国 |
| 690 | @aI106.4@v4 | |
| 701 | @a胡全生@4著 | |
| 801 | @aCN@bTSTC@c20070725 | |
| 905 | @b326120@dI106.4@e103@f1 | |
| 英美后现代主义小说叙述结构研究/胡全生著.-上海:复旦大学出版社,2002 |
| 272页;19cm |
| ISBN 7-309-03378-7:CNY15.00 |
| ● |
| 相关链接 |
|
|
|
|
正题名:英美后现代主义小说叙述结构研究
索取号:I106.4/103
 
预约/预借
| 序号 | 登录号 | 条形码 | 馆藏地/架位号 | 状态 | 备注 |
| 1 | 0326120 | 203261200 | 第一样本阅览室/ [索取号:I106.4/103] | 在馆 | |
| 2 | 0784457 | 207844573 | 第二借阅区/ [索取号:I106.4/103] | 在馆 | |
| 3 | 0784458 | 207844582 | 第二借阅区/ [索取号:I106.4/103] | 在馆 |